Statistics for Math Class Quiz

Click here to take the quiz!

General Stats

  • This quiz has been taken 45 times
  • The average score is 10 of 19

Answer Stats

HintAnswer% Correct
Which period do we have math on Monday?1
100%
Which period do we have math on Thursday?3
100%
Which period do we have math on Tuesday?3
100%
Do we learn anything?No
80%
Fruitiest StudentJames
50%
Zalee_Jensen
40%
Class room for mathsK101
40%
Fruitiest TeacherMr Brazel
40%
Scary lady teacher who shows up sometimesMs Jones
40%
Isabella_Rowe
40%
_ BrazelSean
40%
What is the Brazel's key chain?Sheep
40%
Art_Steblev
40%
Talia _Stewart
40%
Where do our textbooks live?storeroom
40%
James _Taylor
40%
What did above substitute tell us wasn't real?Climate change
30%
Zac_Keresztes
30%
Nickname for the weird substitute teacherMr Rio Tinto
30%

Score Distribution

Percentile by Number Answered

Percent of People with Each Score

Your Score History

You have not taken this quiz